Современный самоучитель работы на персональном компьютере: Быстрый старт

Бібліографічні деталі
Автор: Комягин В. Б. Валерий Борисович
Інші автори: Коцюбинский А. О. Андрей Олегович
Мова:Російська
Опубліковано: Москва, Триумф, 1998
Редагування:5-е изд.
Предмети:
Формат: Книга
KOHA link:https://koha.lib.tpu.ru/cgi-bin/koha/opac-detail.pl?biblionumber=29394

MARC

LEADER 00000nam0a2200000 4500
001 29394
005 20231030203421.0
010 |a 5893920074 
035 |a (RuTPU)RU\TPU\book\29655 
035 |a BOOK00029730 
090 |a 29394 
100 |a 20011209d1998 m y0rusy50 ca 
101 0 |a rus 
102 |a RU 
105 |a a j 000zy 
200 1 |a Современный самоучитель работы на персональном компьютере  |e Быстрый старт  |f В. Б. Комягин, А. О. Коцюбинский 
205 |a 5-е изд. 
210 |a Москва  |c Триумф  |d 1998 
215 |a 391 с.  |c ил. 
610 1 |a персональные компьютеры 
610 1 |a самоучители 
610 1 |a практические пособия 
610 1 |a учебные пособия 
675 |a 681.322-181.4(076.5)  |v 3 
700 1 |a Комягин  |b В. Б.  |g Валерий Борисович 
701 1 |a Коцюбинский  |b А. О.  |g Андрей Олегович 
801 0 |a RU  |b 63413507  |c 20011209  |g PSBO 
801 2 |a RU  |b 63413507  |c 20061102  |g PSBO 
942 |c BK